Michel Foucault

Guardat en:
Dades bibliogràfiques
Autor principal: FENDLER, Lynn
Format: Llibre
Idioma:anglès
Publicat: Bloomsbury Academic 2010
Etiquetes: Afegir etiqueta
Sense etiquetes, Sigues el primer a etiquetar aquest registre!

MARC

LEADER 00000nam a22000007a 4500
008 210621b ||||| |||| 00| 0 eng d
020 |a 9781472518811 
100 |a FENDLER, Lynn 
245 |a Michel Foucault  |c Lynn Fendler  |e Bloomsbury library of educational thought  |g xiv, 235p 
260 |b Bloomsbury Academic  |c 2010  |h London  |i 696243  |i 696244  |l LB880.F682F82  |m Foucault, Michel 1926-1984  |m Foucault, Michel 1926-1984-Influence  |m Education-Philosophy  |m Postmodernism and education 
500 |a it includes references and index 
942 |a lcc  |c BK  |e JOHNSON  |f 21/06/21 
952 |0 0  |1 0  |2 lcc  |4 0  |7 0  |9 2651  |a ED  |b HOL  |c LP  |d 2021-06-21  |o LB880.F682F82  |p 2021-6498  |r 2021-06-21 00:00:00  |w 2021-06-21  |y BK 
952 |0 0  |1 0  |2 lcc  |4 0  |7 0  |9 2652  |a HOL  |b HOL  |c LP  |d 2021-06-21  |o LB880.F682F82  |p 2021-6499  |r 2021-06-21 00:00:00  |w 2021-06-21  |y BK 
999 |c 1384  |d 1384